| 000 | 01321cab a22002895a 4500 | ||
|---|---|---|---|
| 001 | L141402 | ||
| 008 | 071121e20071117xxko f 000 0 eng d | ||
| 035 | _a(Sirsi) u141402 | ||
| 041 | 0 | _aeng | |
| 100 | 1 | _aCunningham, Daniel | |
| 245 | 0 | 0 |
_aFocus _bLondon, East and Thames Gateway |
| 260 | _c2007 | ||
| 490 |
_aEstates Gazette _v(0746) 17 November 2007, 137-159 (15) |
||
| 520 | _aReports that most markets look set to fall behind last year's activity, unless there is a late surge of activity. Considers hopes that Eurostar's move to St Pancras will boost regeneration in the area. Examines the effect that Olympics-related regeneration is having on Stratford. Commercial developers are hoping that the proposed Thames Gateway bridge will boost the southern outer quadrant. Residential developments in the area have fallen well below target levels. Considers the likely benefits of Crossrail, arguing that Canary Wharf may reap more rewards than most. | ||
| 590 | _aKA | ||
| 650 | 2 | 4 | _aOLYMPIC GAMES 2012 |
| 650 | 2 | 4 | _aCROSSRAIL |
| 651 | 4 | _aLondon | |
| 690 | _aPROPERTY-COMMERCIAL PROPERTY-COMMERCIAL PROPERTY MARKET | ||
| 700 | 1 | _aHeard, Andy | |
| 700 | 1 | _aNorman, Paul | |
| 700 | 1 | _aElghamry, Nadia | |
| 700 | 1 | _aHarris, David | |
| 700 | 1 | _aNorwood, Graham | |
| 700 | 1 | _aNeale, Jon | |
| 942 | _n0 | ||
| 999 |
_c79482 _d79482 |
||